A practical english grammar

Сохранить в:
Библиографические подробности
Главный автор: Thomson, A. J (Автор)
Другие авторы: Martinet, André V. (autor)
Формат:
Язык:английский
Опубликовано: Oxford Oxford University Press 1969
Редактирование:2a. ed
Предметы:
Метки: Добавить метку
Нет меток, Требуется 1-ая метка записи!

MARC

LEADER 00000nam a2200000 a 4500
001 UCR9687
003 CL-VaPUC
008 980613e19690000UK |||||||||||||||||eng|d
082 0 4 |a 425  |b THO  |2 21 
100 0 |a Thomson, A. J  |e author  |9 412458 
700 |a Martinet, André V.  |e autor  |9 611822 
245 1 2 |a A practical english grammar 
250 |a 2a. ed 
300 |a 275 p 
942 |c BK 
945 |d 19980613 00:00:00  |a crobeson 
260 |a Oxford  |b Oxford University Press  |c 1969 
650 0 |a Gramática  |9 270497 
650 0 |a Enseñanza del inglés  |9 367340 
650 0 |a Enseñanza de idiomas  |9 339820 
650 0 |a Morfología  |9 334440 
650 0 |a Sintaxis  |9 318843 
583 |a last modification  |c 19980613 00:00:00  |k Rodrigo Vera 
999 |c 270867  |d 270865 
952 |0 0  |1 0  |4 0  |6 425_000000000000000_THO_1969  |7 0  |8 A  |9 305301  |a BIBEDU  |b BIBEDU  |d 2019-11-20  |i 1417819  |o 425 THO 1969  |p 1417819  |r 2019-11-20  |w 2019-11-20  |y BK  |k LIT